[Event "DVM U14 2015"]
[Site "Verden/Aller GER"]
[Date "2015.12.28"]
[Round "3"]
[White "Oganessjan, Artur"]
[Black "Scholz, Sebastian"]
[Result "1-0"]
[Termination "normal"]
[Board "2.2"]
[WhiteElo "1815"]
[BlackElo "1744"]
[WhiteTeam "TuRa Harksheide Norderstedt"]
[BlackTeam "Märkischer Springer Halver-Schalksmühle"]
[PlyCount "123"]
[WhiteFideId "12986062"]
[BlackFideId "16202597"]
[EventCountry "GER"]
[EventRounds "7"]
[EventType "team-swiss"]
[EventDate "2015.12.26"]

1. e4 e6 2. d4 d5 3. Nc3 Bb4 4. e5 c5 5. a3 Bxc3+ 6. bxc3 Qa5 7. Bd2 Qa4 8. Nf3
Nc6 9. Be3 c4 10. Be2 Bd7 11. O-O Nge7 12. Nh4 O-O-O 13. f4 a6 14. Qd2 h6 15.
Rab1 Na7 16. Bf2 Qa5 17. Rfc1 Ba4 18. Be1 Nb5 19. Ra1 Rhg8 20. Bg4 g5 21. Nf3
gxf4 22. Qxf4 Rg7 23. Bh3 Rdg8 24. g3 h5 25. Kh1 Qd8 26. Bd2 Ng6 27. Qf6 Nf8
28. Nh4 Qxf6 29. exf6 Rh7 30. Rab1 Nd6 31. Bg2 Nd7 32. Bf4 Ne8 33. Nf3 Nexf6
34. Ne5 b5 35. Nc6 h4 36. Ne7+ Kd8 37. Nxg8 Nxg8 38. gxh4 Kc8 39. Bg3 Ne7 40.
Rb2 Nf5 41. Re1 Nf6 42. Re2 Nh5 43. Be1 Nf4 44. Rd2 Ng6 45. Bf2 Ngxh4 46. Bxh4
Rxh4 47. Rf2 Ng3+ 48. Kg1 Ne4 49. Bxe4 Rxe4 50. Rxf7 Re1+ 51. Kg2 Re3 52. h4
Rxc3 53. h5 Bxc2 54. h6 Be4+ 55. Kh2 Rxa3 56. h7 Bxh7 57. Rxh7 Rf3 58. Ra2 c3
59. Rxa6 Kb8 60. Rb6+ Ka8 61. Rxb5 c2 62. Rc5 1-0

[Event "DVM U14 2015"]
[Site "Verden/Aller GER"]
[Date "2015.12.28"]
[Round "3"]
[White "Kölz, Niklas"]
[Black "Köhler, Inken"]
[Result "0-1"]
[Termination "normal"]
[Board "2.3"]
[WhiteElo "1703"]
[BlackElo "1836"]
[WhiteTeam "Märkischer Springer Halver-Schalksmühle"]
[BlackTeam "TuRa Harksheide Norderstedt"]
[PlyCount "140"]
[WhiteFideId "12971758"]
[BlackFideId "12929301"]
[EventCountry "GER"]
[EventRounds "7"]
[EventType "team-swiss"]
[EventDate "2015.12.26"]

1. e4 c5 2. Nf3 e6 3. d4 cxd4 4. Nxd4 a6 5. Bd3 Qc7 6. O-O Nf6 7. Nc3 Bd6 8. h3
O-O 9. Qe2 Be5 10. Be3 Nc6 11. Nxc6 Qxc6 12. Bd2 b5 13. a3 Bb7 14. Rae1 Bc7 15.
f4 Rfd8 16. e5 Bb6+ 17. Kh2 Ne8 18. Rf3 f5 19. exf6 Nxf6 20. Rg3 Rf8 21. Ne4
Nxe4 22. Bxe4 Qxe4 23. Qxe4 Bxe4 24. Rxe4 Bc7 25. Rd3 Rf7 26. g3 Re8 27. Kg2 d5
28. Rxd5 Bb8 29. f5 e5 30. g4 g6 31. fxg6 hxg6 32. Bc3 Ref8 33. Re2 e4 34. Bd4
Rf3 35. Bf2 Kg7 36. Rdd2 Re8 37. Re3 Rf7 38. Rde2 Ba7 39. Rc3 Bb8 40. Bd4+ Kg8
41. Rce3 Rf4 42. Rc3 Kf7 43. Rf2 Ke6 44. Rc5 Rxf2+ 45. Bxf2 Kd7 46. Bg3 Bxg3
47. Kxg3 Kd6 48. Rc3 Rf8 49. Re3 Ke5 50. c3 g5 51. b3 a5 52. Kg2 Kf4 53. Re1
Ke5 54. Re3 Rf7 55. Kg3 Rd7 56. Kf2 Kf4 57. Ke2 Rd8 58. c4 b4 59. axb4 axb4 60.
h4 gxh4 61. Rh3 Kxg4 62. Re3 Re8 63. Kf2 Rf8+ 64. Kg2 Kf4 65. Rh3 Rg8+ 66. Kf2
Rg4 67. Rh2 e3+ 68. Ke2 Kg3 69. Rh1 Kg2 70. Re1 h3 0-1

[Event "DVM U14 2015"]
[Site "Verden/Aller GER"]
[Date "2015.12.28"]
[Round "3"]
[White "Bahde, Thiemo"]
[Black "Browning, Rebecca"]
[Result "0-1"]
[Termination "normal"]
[Board "2.4"]
[WhiteElo "1113"]
[BlackElo "1589"]
[WhiteTeam "TuRa Harksheide Norderstedt"]
[BlackTeam "Märkischer Springer Halver-Schalksmühle"]
[PlyCount "106"]
[WhiteFideId "16205537"]
[BlackFideId "12984027"]
[EventCountry "GER"]
[EventRounds "7"]
[EventType "team-swiss"]
[EventDate "2015.12.26"]

1. e4 e6 2. Nc3 d5 3. exd5 exd5 4. d4 Nf6 5. Bf4 c6 6. Bd3 Bd6 7. Bxd6 Qxd6 8.
Nf3 O-O 9. O-O Bg4 10. Re1 Nbd7 11. h3 Bh5 12. Be2 Bg6 13. Bd3 Bxd3 14. Qxd3
Rae8 15. Ne2 Ne4 16. Nd2 Ndf6 17. Nc3 Qf4 18. Ncxe4 Nxe4 19. Nxe4 Rxe4 20. Rxe4
dxe4 21. Qe3 Qxe3 22. fxe3 f5 23. Rd1 Rd8 24. c4 Kf7 25. Kh2 a6 26. Rf1 Ke6 27.
b3 h5 28. Kg3 g5 29. Kh2 h4 30. Rf2 Rf8 31. Re2 g4 32. Re1 g3+ 33. Kg1 f4 34.
exf4 Rxf4 35. Rf1 Kf5 36. Rxf4+ Kxf4 37. Kf1 e3 38. Ke2 Ke4 39. d5 cxd5 40.
cxd5 Kxd5 41. Kxe3 Ke5 42. Kf3 Kd4 43. Ke2 Kc3 44. Kf3 Kd2 45. Kg4 Ke2 46. Kxh4
Kf2 47. Kg4 Kxg2 48. h4 Kf2 49. Kh5 g2 50. Kh6 g1=Q 51. h5 Kf3 52. Kh7 Kf4 53.
h6 Kf5 0-1

[Event "DVM U14 2015"]
[Site "Verden/Aller GER"]
[Date "2015.12.28"]
[Round "3"]
[White "Savchenko, Daniel"]
[Black "Engel, Luis"]
[Result "0-1"]
[Termination "normal"]
[Board "3.1"]
[WhiteElo "1849"]
[BlackElo "2117"]
[WhiteTeam "Düsseldorfer SK 14/25"]
[BlackTeam "Hamburger SK von 1830"]
[PlyCount "62"]
[WhiteFideId "12919195"]
[BlackFideId "12961523"]
[EventCountry "GER"]
[EventRounds "7"]
[EventType "team-swiss"]
[EventDate "2015.12.26"]

1. e4 c5 2. Nf3 d6 3. d4 cxd4 4. Nxd4 Nf6 5. Nc3 Nbd7 6. f4 g6 7. Bd3 Bg7 8.
Nf3 O-O 9. O-O Nc5 10. Qe2 b6 11. Bd2 Bb7 12. Kh1 Rc8 13. Rae1 d5 14. exd5 Nxd3
15. Qxd3 Nxd5 16. Nxd5 Bxd5 17. Bb4 Be6 18. Qa3 Re8 19. Rxe6 fxe6 20. Ng5 Qd5
21. Qh3 h6 22. Nxe6 Qc4 23. Kg1 Qxb4 24. Qd3 Qxb2 25. Qxg6 Qf6 26. Qe4 Rc3 27.
f5 Rec8 28. Rd1 Rxc2 29. Qd5 Qe5 30. Qb3 R2c3 31. Qb1 Qe3+ 0-1

[Event "DVM U14 2015"]
[Site "Verden/Aller GER"]
[Date "2015.12.28"]
[Round "3"]
[White "Holinka, Henning"]
[Black "Kreutzmann, Duke"]
[Result "1-0"]
[Termination "time forfeit"]
[Board "3.2"]
[WhiteElo "2027"]
[BlackElo "1840"]
[WhiteTeam "Hamburger SK von 1830"]
[BlackTeam "Düsseldorfer SK 14/25"]
[PlyCount "79"]
[WhiteFideId "12967084"]
[BlackFideId "1330055"]
[EventCountry "GER"]
[EventRounds "7"]
[EventType "team-swiss"]
[EventDate "2015.12.26"]

1. e4 e6 2. d4 d5 3. Nc3 Nf6 4. Bg5 dxe4 5. Nxe4 Nbd7 6. Nf3 h6 7. Bxf6 Nxf6 8.
Bd3 Be7 9. O-O O-O 10. c3 c6 11. Re1 Qc7 12. Ne5 Rd8 13. Qf3 c5 14. Rad1 cxd4
15. cxd4 Bd7 16. Nxf6+ Bxf6 17. Qh5 Bxe5 18. Qxe5 Qxe5 19. dxe5 Bc6 20. Bc2 Kf8
21. f3 Ke7 22. Kf2 Rac8 23. Rxd8 Rxd8 24. Rd1 Bd5 25. a3 Rc8 26. Rd2 a6 27. Ke3
Rc7 28. g3 Rc5 29. f4 Bc6 30. Kd4 Rd5+ 31. Ke3 Rxd2 32. Kxd2 g6 33. Ke3 Kd7 34.
Kd4 Kc7 35. Kc5 b6+ 36. Kd4 Bd5 37. b4 Kc6 38. Ba4+ b5 39. Bc2 Kb6 40. f5 1-0

[Event "DVM U14 2015"]
[Site "Verden/Aller GER"]
[Date "2015.12.28"]
[Round "3"]
[White "Righi, Sofian"]
[Black "Engel, Robert"]
[Result "1-0"]
[Termination "normal"]
[Board "3.3"]
[WhiteElo "1620"]
[BlackElo "1839"]
[WhiteTeam "Düsseldorfer SK 14/25"]
[BlackTeam "Hamburger SK von 1830"]
[PlyCount "62"]
[WhiteFideId "12987581"]
[BlackFideId "12974684"]
[EventCountry "GER"]
[EventRounds "7"]
[EventType "team-swiss"]
[EventDate "2015.12.26"]

1. d4 c5 2. e3 Nf6 3. c4 g6 4. Nf3 Bg7 5. Be2 O-O 6. O-O cxd4 7. exd4 d5 8. b3
Nc6 9. Bb2 Be6 10. Nc3 Rc8 11. Rc1 Bh6 12. Rb1 Na5 13. c5 Nc6 14. a3 a5 15. Na4
Qc7 16. Nb6 Rcd8 17. h3 Nh5 18. Bb5 Bf5 19. Bxc6 bxc6 20. Ra1 Bc8 21. Bc1 Bg7
22. Bd2 Qa7 23. b4 Ba6 24. Re1 axb4 25. axb4 Qb7 26. Ra5 Bb5 27. Qa1 Rfe8 28.
Ra7 Qb8 29. Rexe7 Rxe7 30. Rxe7 Re8 31. Qe1 Kf8 1-0

[Event "DVM U14 2015"]
[Site "Verden/Aller GER"]
[Date "2015.12.28"]
[Round "3"]
[White "Fuhrmann, Äke"]
[Black "Oezdemir, Edwin-Daniel"]
[Result "1-0"]
[Termination "normal"]
[Board "3.4"]
[WhiteElo "1601"]
[BlackElo "1568"]
[WhiteTeam "Hamburger SK von 1830"]
[BlackTeam "Düsseldorfer SK 14/25"]
[PlyCount "49"]
[WhiteFideId "12983853"]
[BlackFideId "12919055"]
[EventCountry "GER"]
[EventRounds "7"]
[EventType "team-swiss"]
[EventDate "2015.12.26"]

1. c4 e6 2. g3 d5 3. cxd5 exd5 4. d4 Bb4+ 5. Nc3 c5 6. Nf3 c4 7. Bg2 Ne7 8. O-O
Nbc6 9. a3 Bxc3 10. bxc3 O-O 11. Nd2 a5 12. a4 Na7 13. e4 Be6 14. Ba3 Re8 15.
Re1 Nec6 16. exd5 Bxd5 17. Rxe8+ Qxe8 18. Bxd5 b5 19. axb5 Nxb5 20. Qa4 Nxa3
21. Bxc6 Qb8 22. Bxa8 Qxa8 23. Rxa3 Qb8 24. Qxa5 h6 25. Qa8 1-0

[Event "DVM U14 2015"]
[Site "Verden/Aller GER"]
[Date "2015.12.28"]
[Round "3"]
[White "Schneider, Jana"]
[Black "Askerov, Imamali"]
[Result "1-0"]
[Termination "normal"]
[Board "4.1"]
[WhiteElo "2113"]
[BlackElo "1883"]
[WhiteTeam "Spvgg 1946 Stetten"]
[BlackTeam "Post SV Uelzen"]
[PlyCount "91"]
[WhiteFideId "12924997"]
[BlackFideId "12974498"]
[EventCountry "GER"]
[EventRounds "7"]
[EventType "team-swiss"]
[EventDate "2015.12.26"]

1. e4 c5 2. Nf3 e6 3. g3 a6 4. Bg2 Qc7 5. O-O Nc6 6. c3 Nf6 7. Re1 Be7 8. d4
cxd4 9. cxd4 d6 10. Nc3 O-O 11. Be3 Rd8 12. Rc1 Qa5 13. Nd2 Qh5 14. Bf3 Qg6 15.
Nc4 Nd7 16. Bf4 e5 17. Bh5 Qf6 18. Nd5 Qe6 19. Nc7 Qf6 20. Bd2 Rb8 21. Ne3 g6
22. Ned5 Qg7 23. Rxc6 Bf8 24. Bg5 bxc6 25. Bxd8 cxd5 26. Bg4 dxe4 27. Ne8 Qh8
28. Bxd7 Bxd7 29. Bf6 Rxe8 30. Bxh8 Kxh8 31. dxe5 Rxe5 32. Qd4 Kg8 33. Rxe4 Rc5
34. Re1 Be6 35. h4 d5 36. b3 Rc2 37. a4 Bc5 38. Qf6 d4 39. h5 d3 40. Rxe6 fxe6
41. h6 Bf8 42. Qxe6+ Kh8 43. Qe5+ Kg8 44. Qd5+ Kh8 45. Qxd3 Rc1+ 46. Kg2 1-0

[Event "DVM U14 2015"]
[Site "Verden/Aller GER"]
[Date "2015.12.28"]
[Round "3"]
[White "von Estorff, Jacob"]
[Black "Roth, Jakob"]
[Result "1-0"]
[Termination "normal"]
[Board "4.2"]
[WhiteElo "1841"]
[BlackElo "1774"]
[WhiteTeam "Post SV Uelzen"]
[BlackTeam "Spvgg 1946 Stetten"]
[PlyCount "45"]
[WhiteFideId "12974501"]
[BlackFideId "12952605"]
[EventCountry "GER"]
[EventRounds "7"]
[EventType "team-swiss"]
[EventDate "2015.12.26"]

1. e4 c6 2. d4 d5 3. e5 Bf5 4. Nc3 e6 5. g4 Bg6 6. Nge2 c5 7. h4 h6 8. Nf4 Bh7
9. Be3 Nc6 10. Qd2 a6 11. O-O-O c4 12. g5 b5 13. g6 Bxg6 14. Nxg6 fxg6 15. Bh3
Kf7 16. Qe2 Bb4 17. Qf3+ Ke7 18. Qg4 Qd7 19. Qxg6 Nd8 20. Ne2 Rc8 21. Nf4 Rc6
22. Qxg7+ Nf7 23. Ng6+ 1-0

[Event "DVM U14 2015"]
[Site "Verden/Aller GER"]
[Date "2015.12.28"]
[Round "3"]
[White "Häusler, Luis"]
[Black "Knüdel, Torben"]
[Result "0-1"]
[Termination "normal"]
[Board "4.3"]
[WhiteElo "1390"]
[BlackElo "1697"]
[WhiteTeam "Spvgg 1946 Stetten"]
[BlackTeam "Post SV Uelzen"]
[PlyCount "104"]
[WhiteFideId "12942928"]
[BlackFideId "16208820"]
[EventCountry "GER"]
[EventRounds "7"]
[EventType "team-swiss"]
[EventDate "2015.12.26"]

1. e4 d5 2. exd5 Nf6 3. Nf3 Nxd5 4. d4 Bg4 5. Bc4 e6 6. O-O Nc6 7. c3 Bd6 8.
Re1 O-O 9. Nbd2 Qd7 10. Qc2 Bf5 11. Ne4 Be7 12. Bd3 Bg6 13. h4 Nf6 14. Ne5 Nxe5
15. dxe5 Nxe4 16. Bxe4 c6 17. h5 Bxe4 18. Qxe4 Bc5 19. Qg4 f6 20. Be3 Bxe3 21.
Rxe3 f5 22. Rd1 Qe7 23. Qe2 Rad8 24. Red3 a6 25. Qd2 Rxd3 26. Qxd3 Rf7 27. Qd8+
Qf8 28. Qxf8+ Rxf8 29. Rd6 Re8 30. Rd7 Rb8 31. Re7 Kf8 32. Rxe6 Rd8 33. Rd6
Rxd6 34. exd6 Ke8 35. Kh2 Kd7 36. Kg3 Kxd6 37. Kf4 Ke6 38. c4 c5 39. Ke3 g5 40.
hxg6 hxg6 41. f4 Kf6 42. Kf3 g5 43. g4 gxf4 44. Kxf4 fxg4 45. Kxg4 Ke5 46. b3
a5 47. Kf3 Kd4 48. Kf4 a4 49. Kf5 axb3 50. axb3 Kc3 51. Ke4 Kxb3 52. Kd3 Kb4
0-1

[Event "DVM U14 2015"]
[Site "Verden/Aller GER"]
[Date "2015.12.28"]
[Round "3"]
[White "Rothenberg, Jannik"]
[Black "Binner, Jule"]
[Result "0-1"]
[Termination "normal"]
[Board "4.4"]
[WhiteElo "1430"]
[BlackElo "1393"]
[WhiteTeam "Post SV Uelzen"]
[BlackTeam "Spvgg 1946 Stetten"]
[PlyCount "110"]
[WhiteFideId "16204743"]
[BlackFideId "16205332"]
[EventCountry "GER"]
[EventRounds "7"]
[EventType "team-swiss"]
[EventDate "2015.12.26"]

1. d4 f5 2. c4 Nf6 3. Nc3 g6 4. Nf3 Bg7 5. e3 d6 6. Be2 O-O 7. O-O Qe8 8. b3 e5
9. dxe5 dxe5 10. Ba3 Rf7 11. Qc2 Nc6 12. Rad1 Be6 13. Ng5 Rd7 14. Nxe6 Qxe6 15.
Nd5 Kh8 16. f3 Rad8 17. Nc3 Qe8 18. Rxd7 Rxd7 19. Rd1 Qd8 20. Rxd7 Qxd7 21. Kf2
Qe6 22. Qd2 h6 23. c5 e4 24. Bc4 Qe8 25. f4 Ng4+ 26. Kg1 Nf6 27. Ne2 Qd7 28.
Qc2 a6 29. b4 Kh7 30. b5 axb5 31. Bxb5 g5 32. g3 Ng4 33. Bc1 Kg6 34. Qb3 Nf6
35. Bb2 Qd2 36. Bxf6 Kxf6 37. Bxc6 bxc6 38. fxg5+ hxg5 39. Qc3+ Qxc3 40. Nxc3
Ke6 41. Na4 Kd5 42. Kf2 Kc4 43. g4 f4 44. exf4 gxf4 45. h4 Kd3 46. Ke1 e3 47.
g5 f3 48. h5 f2+ 49. Kf1 e2+ 50. Kxf2 Kd2 51. h6 e1=Q+ 52. Kf3 Qe3+ 53. Kg4
Bxh6 54. gxh6 Qxh6 55. Kf5 Qg7 0-1

[Event "DVM U14 2015"]
[Site "Verden/Aller GER"]
[Date "2015.12.28"]
[Round "3"]
[White "Kunath, Tim"]
[Black "Garbuz, Vitaliy"]
[Result "0-1"]
[Termination "normal"]
[Board "5.1"]
[WhiteElo "1769"]
[BlackElo "1882"]
[WhiteTeam "TuS Coswig 1920"]
[BlackTeam "SF Brackel 1930"]
[PlyCount "96"]
[WhiteFideId "12985074"]
[BlackFideId "12990710"]
[EventCountry "GER"]
[EventRounds "7"]
[EventType "team-swiss"]
[EventDate "2015.12.26"]

1. e4 e5 2. Nf3 Nc6 3. d4 exd4 4. Nxd4 Nf6 5. Nc3 Bb4 6. Nxc6 bxc6 7. Bd3 d5 8.
exd5 cxd5 9. O-O O-O 10. Bg5 Be6 11. Nb5 Be7 12. Nd4 Bd7 13. Nf5 Bxf5 14. Bxf5
Qd6 15. Re1 Rfe8 16. Qf3 c5 17. Rad1 Rad8 18. Bf4 Qb6 19. Be5 d4 20. b3 Qa5 21.
Qc6 Bd6 22. f4 Qb6 23. Qf3 Bxe5 24. fxe5 Nd5 25. e6 fxe6 26. Re5 Ne3 27. Rxe3
dxe3 28. Rxd8 Qxd8 29. Bd3 Qh4 30. Qxe3 Qd4 31. Qxd4 cxd4 32. Kf2 g6 33. Kf3
Kg7 34. Ke4 e5 35. Kd5 Kf6 36. a4 a5 37. Ke4 Kg5 38. Bc4 h5 39. Be2 Rf8 40. Bf3
Rf5 41. Kd3 Rf4 42. b4 axb4 43. a5 Rf7 44. a6 Ra7 45. Bb7 Kf4 46. Bc8 h4 47.
Bb7 g5 48. Bc8 Rc7 0-1

[Event "DVM U14 2015"]
[Site "Verden/Aller GER"]
[Date "2015.12.28"]
[Round "3"]
[White "Salem Elier, Ali"]
[Black "Lehne, Arwin Hugo"]
[Result "1-0"]
[Termination "normal"]
[Board "5.2"]
[WhiteElo "1567"]
[BlackElo "1437"]
[WhiteTeam "SF Brackel 1930"]
[BlackTeam "TuS Coswig 1920"]
[PlyCount "95"]
[WhiteFideId "16217543"]
[BlackFideId "12985090"]
[EventCountry "GER"]
[EventRounds "7"]
[EventType "team-swiss"]
[EventDate "2015.12.26"]

1. e4 c5 2. d4 cxd4 3. c3 d3 4. Bxd3 Nc6 5. c4 g6 6. Nf3 Bg7 7. Nc3 Nf6 8. O-O
O-O 9. h3 d6 10. Be3 Nd7 11. Qe2 Nde5 12. Nxe5 Nxe5 13. Rac1 Be6 14. Rfd1 a6
15. Nd5 Bxd5 16. cxd5 Rc8 17. Bb1 Rxc1 18. Rxc1 Qb8 19. Qc2 b5 20. b3 e6 21.
Qc7 Qxc7 22. Rxc7 Ra8 23. f4 exd5 24. fxe5 Bxe5 25. exd5 Kf8 26. Kf2 h5 27. Ra7
Rxa7 28. Bxa7 Ke7 29. Kf3 f5 30. Bb6 Bc3 31. g4 fxg4+ 32. hxg4 hxg4+ 33. Kxg4
Kf6 34. Be4 Ke5 35. Bg2 Kf6 36. Bd8+ Kf7 37. Be4 Bb4 38. Bd3 Ba3 39. Ba5 Kf6
40. Bc3+ Kf7 41. Kh4 Bc5 42. Be2 Ba3 43. Bg4 Bc5 44. b4 Ke7 45. bxc5 dxc5 46.
Be5 c4 47. d6+ Kd8 48. Bf6+ 1-0

[Event "DVM U14 2015"]
[Site "Verden/Aller GER"]
[Date "2015.12.28"]
[Round "3"]
[White "von Koslowski, Wilhelm"]
[Black "Kartsev, Nikolaj"]
[Result "0-1"]
[Termination "normal"]
[Board "5.3"]
[WhiteElo "1526"]
[BlackElo "1700"]
[WhiteTeam "TuS Coswig 1920"]
[BlackTeam "SF Brackel 1930"]
[PlyCount "96"]
[WhiteFideId "12985147"]
[BlackFideId "12939536"]
[EventCountry "GER"]
[EventRounds "7"]
[EventType "team-swiss"]
[EventDate "2015.12.26"]

1. e4 c5 2. Nf3 d6 3. d4 cxd4 4. Nxd4 Nf6 5. Nc3 Nc6 6. Bg5 e6 7. Qd2 Be7 8.
O-O-O a6 9. f4 O-O 10. Be2 Qc7 11. Kb1 Rd8 12. Qe3 e5 13. Nb3 exf4 14. Bxf4 Ne5
15. Bxe5 dxe5 16. h3 Be6 17. g4 b5 18. g5 Nd7 19. Nd5 Bxd5 20. Rxd5 Nb6 21.
Rdd1 Rac8 22. Bd3 Na4 23. Qc1 Bxg5 24. Qxg5 Rxd3 25. Qc1 Re3 26. Rde1 Rxe1 27.
Rxe1 Qd7 28. Qe3 Rd8 29. a3 Qd6 30. Rf1 Nb6 31. Qf3 f6 32. Qg4 Nc4 33. Ka2 Ne3
34. Qe2 Nxf1 35. Qxf1 Qc6 36. Qe2 Qc4 37. Qg2 a5 38. Kb1 Rd1+ 39. Nc1 Qf1 40.
Qxf1 Rxf1 41. b3 Rh1 42. Kb2 Rxh3 43. Nd3 Rxd3 44. cxd3 h5 45. Kc3 h4 46. b4 a4
47. d4 h3 48. d5 h2 0-1

[Event "DVM U14 2015"]
[Site "Verden/Aller GER"]
[Date "2015.12.28"]
[Round "3"]
[White "Kracht, Raphael"]
[Black "Mallon, Frederik"]
[Result "1-0"]
[Termination "normal"]
[Board "5.4"]
[WhiteElo "1689"]
[BlackElo "1397"]
[WhiteTeam "SF Brackel 1930"]
[BlackTeam "TuS Coswig 1920"]
[PlyCount "91"]
[WhiteFideId "16214382"]
[BlackFideId "12985104"]
[EventCountry "GER"]
[EventRounds "7"]
[EventType "team-swiss"]
[EventDate "2015.12.26"]

1. e4 c5 2. d4 cxd4 3. c3 dxc3 4. Nxc3 Nc6 5. Nf3 d6 6. Bc4 Bd7 7. O-O Nf6 8.
Qe2 e6 9. Rd1 Be7 10. h3 O-O 11. Bf4 a6 12. Bxd6 Bxd6 13. Rxd6 b5 14. Bb3 e5
15. Rad1 Qc7 16. R6d2 Rfe8 17. Nd5 Nxd5 18. exd5 Na5 19. d6 Qc5 20. Bd5 Rad8
21. Ng5 Be6 22. Bxe6 Rxe6 23. Qh5 Rh6 24. Qxf7+ Kh8 25. Qc7 Nb7 26. Qxc5 Nxc5
27. Nf7+ Kg8 28. Nxd8 Ne4 29. Re2 Rxd6 30. Rxd6 Nxd6 31. Rxe5 h6 32. Re6 Nc4
33. b3 Nd2 34. Rxa6 Nb1 35. a4 bxa4 36. bxa4 Nc3 37. a5 Nb5 38. Rb6 Na7 39. Rb7
Nc8 40. Ne6 Nd6 41. Rxg7+ Kh8 42. a6 Nf5 43. Rb7 h5 44. a7 Nh6 45. a8=Q+ Ng8
46. Nf8 1-0

[Event "DVM U14 2015"]
[Site "Verden/Aller GER"]
[Date "2015.12.28"]
[Round "3"]
[White "Pfreundt, Mathis"]
[Black "Silber, Kevin"]
[Result "1-0"]
[Termination "normal"]
[Board "6.1"]
[WhiteElo "1871"]
[BlackElo "1836"]
[WhiteTeam "Königsspringer SC 1984"]
[BlackTeam "Delmenhorster SK V 1931"]
[PlyCount "51"]
[WhiteFideId "12967092"]
[BlackFideId "12930440"]
[EventCountry "GER"]
[EventRounds "7"]
[EventType "team-swiss"]
[EventDate "2015.12.26"]

1. e4 e5 2. Nf3 Nc6 3. Bb5 a6 4. Bxc6 dxc6 5. O-O Bg4 6. h3 h5 7. d3 Qf6 8. Be3
Ne7 9. Nbd2 Bxf3 10. Qxf3 Qe6 11. Nb3 Ng6 12. d4 O-O-O 13. Rad1 Bd6 14. d5 cxd5
15. exd5 Qe7 16. c4 Nh4 17. Qe2 e4 18. c5 Be5 19. c6 b5 20. Nc5 Nxg2 21. Nxa6
Nxe3 22. Qxe3 Bd4 23. Rxd4 Rh6 24. Kh1 Rf6 25. Rxe4 Rf3 26. Rxe7 1-0

[Event "DVM U14 2015"]
[Site "Verden/Aller GER"]
[Date "2015.12.28"]
[Round "3"]
[White "Sinnhöfer, Jonas"]
[Black "Kipke, Kevin"]
[Result "0-1"]
[Termination "normal"]
[Board "6.2"]
[WhiteElo "1741"]
[BlackElo "1666"]
[WhiteTeam "Delmenhorster SK V 1931"]
[BlackTeam "Königsspringer SC 1984"]
[PlyCount "85"]
[WhiteFideId "12982938"]
[BlackFideId "12988332"]
[EventCountry "GER"]
[EventRounds "7"]
[EventType "team-swiss"]
[EventDate "2015.12.26"]

1. d4 Nf6 2. Bg5 e6 3. Bxf6 Qxf6 4. e3 c5 5. c3 Nc6 6. Nd2 a6 7. Ne4 Qg6 8.
Nxc5 b6 9. Nd3 Bd6 10. f4 Bb7 11. Nf3 O-O 12. Qe2 f6 13. Qf2 Ne7 14. Be2 Qe4
15. Kd2 Nf5 16. Rhg1 Be7 17. h4 Nd6 18. Nb4 Qg6 19. Bd3 Be4 20. Qe2 Bxd3 21.
Nxd3 Qe4 22. Nf2 Qc6 23. b3 Rfc8 24. Rac1 Nb5 25. Qd3 Rc7 26. a4 Nd6 27. h5 b5
28. axb5 Nxb5 29. c4 Bb4+ 30. Ke2 Nd6 31. Nh4 Nf7 32. g4 Be7 33. Nh3 Qd6 34. d5
exd5 35. cxd5 Rb7 36. Nf5 Qa3 37. Nd4 Qa5 38. Nc2 Rb5 39. Ra1 Qb6 40. Rab1 Qb7
41. e4 Bc5 42. Rgc1 Rb8 43. Na1 {Rest nicht lesbar} 0-1

[Event "DVM U14 2015"]
[Site "Verden/Aller GER"]
[Date "2015.12.28"]
[Round "3"]
[White "Cinar, Alihan"]
[Black "Petri, Ben-Luca"]
[Result "0-1"]
[Termination "normal"]
[Board "6.3"]
[WhiteElo "1171"]
[BlackElo "1530"]
[WhiteTeam "Königsspringer SC 1984"]
[BlackTeam "Delmenhorster SK V 1931"]
[PlyCount "78"]
[WhiteFideId "16217608"]
[BlackFideId "12947261"]
[EventCountry "GER"]
[EventRounds "7"]
[EventType "team-swiss"]
[EventDate "2015.12.26"]

1. Nf3 Nf6 2. g3 g6 3. Bg2 Bg7 4. c4 c6 5. O-O O-O 6. Nc3 d5 7. cxd5 cxd5 8. d3
Nc6 9. Bf4 Nh5 10. Bc1 Re8 11. Qb3 Nf6 12. Nb5 a6 13. Nbd4 Nxd4 14. Nxd4 e5 15.
Nc2 Re7 16. Bg5 Be6 17. Qb4 h6 18. Bxf6 Bxf6 19. f4 a5 20. Qb5 exf4 21. Rxf4
Bg5 22. Rff1 Rc8 23. Ne1 Be3+ 24. Kh1 Rc5 25. Qa4 Rec7 26. Nf3 b6 27. d4 Rc4
28. Qb3 Bxd4 29. Nxd4 Rxd4 30. Qxb6 Rb4 31. Qxa5 Rxb2 32. Rac1 Rbb7 33. Rxc7
Qxc7 34. Qd2 Qe5 35. e4 Rb2 36. Qa5 Bh3 37. Rg1 Bxg2+ 38. Rxg2 Qxe4 39. Qd8+
Kh7 0-1

[Event "DVM U14 2015"]
[Site "Verden/Aller GER"]
[Date "2015.12.28"]
[Round "3"]
[White "Rabe, Maximilian"]
[Black "Kipke, Mark"]
[Result "1-0"]
[Termination "normal"]
[Board "6.4"]
[WhiteElo "1204"]
[BlackElo "1268"]
[WhiteTeam "Delmenhorster SK V 1931"]
[BlackTeam "Königsspringer SC 1984"]
[PlyCount "105"]
[WhiteFideId "12982911"]
[BlackFideId "16217616"]
[EventCountry "GER"]
[EventRounds "7"]
[EventType "team-swiss"]
[EventDate "2015.12.26"]

1. e4 Nc6 2. Nf3 f5 3. d3 Nf6 4. Nc3 e6 5. Bf4 a6 6. Be2 Be7 7. Qd2 b5 8. a3
Bb7 9. e5 Nd5 10. Nxd5 exd5 11. d4 O-O 12. h3 d6 13. O-O-O dxe5 14. dxe5 b4 15.
axb4 Nxb4 16. c3 Nc6 17. Qxd5+ Qxd5 18. Rxd5 a5 19. e6 a4 20. Bxc7 a3 21. bxa3
Bxa3+ 22. Kc2 Nb4+ 23. cxb4 Bxd5 24. e7 Rfc8 25. e8=Q+ Rxe8 26. Kd1 Bb3+ 27.
Kd2 Bxb4+ 28. Kd3 Rac8 29. Be5 Rcd8+ 30. Bd4 Rc8 31. Ne5 Bc2+ 32. Ke3 f4+ 33.
Kf3 Rcd8 34. Bb2 Bb3 35. Bc4+ Bxc4 36. Nxc4 Rd3+ 37. Kg4 Re4 38. Ne5 f3+ 39.
Kf5 Rxe5+ 40. Bxe5 fxg2 41. Rg1 g6+ 42. Ke4 Rxh3 43. Rxg2 Kf7 44. f4 Ke6 45.
Rc2 h5 46. Rc6+ Kf7 47. Rf6+ Ke8 48. Rxg6 Rh1 49. Kf5 h4 50. Ke6 h3 51. Rg8+
Bf8 52. f5 h2 53. f6 1-0

[Event "DVM U14 2015"]
[Site "Verden/Aller GER"]
[Date "2015.12.28"]
[Round "3"]
[White "Kesselmeier, Kevin"]
[Black "Wendler, David"]
[Result "1-0"]
[Termination "normal"]
[Board "7.1"]
[WhiteElo "1660"]
[BlackElo "1912"]
[WhiteTeam "SK Blauer Springer Paderborn 1926"]
[BlackTeam "SK Bebenhausen 1992"]
[PlyCount "65"]
[WhiteFideId "16217551"]
[BlackFideId "12938360"]
[EventCountry "GER"]
[EventRounds "7"]
[EventType "team-swiss"]
[EventDate "2015.12.26"]

1. e4 c5 2. Nf3 Nc6 3. Bb5 g6 4. Bxc6 dxc6 5. O-O Bg7 6. h3 Nf6 7. Re1 O-O 8.
c3 Qb6 9. d4 Rd8 10. Qc2 cxd4 11. cxd4 Bd7 12. Be3 Qc7 13. Nc3 Rac8 14. Rac1
Nh5 15. e5 Bf8 16. g4 Ng7 17. Bg5 Be6 18. Qe4 Bd5 19. Nxd5 Rxd5 20. h4 Ne6 21.
Rc3 Rcd8 22. Be3 Bg7 23. Rd1 Bxe5 24. Rd2 Bf4 25. Kg2 Bxe3 26. fxe3 Qb6 27. Ne5
Qa5 28. Rf2 Nxd4 29. Nxf7 Rf8 30. Nh6+ Kg7 31. Qxe7+ Rf7 32. Qxf7+ Kxh6 33.
Qf8# 1-0